Su hijo : (Registro nro. 3418)

Detalles MARC
000 -LEADER
fixed length control field 01018nam a2200241Ia 4500
003 - CONTROL NUMBER IDENTIFIER
control field OSt
005 - DATE AND TIME OF LATEST TRANSACTION
control field 20201006101625.0
008 - FIXED-LENGTH DATA ELEMENTS--GENERAL INFORMATION
fixed length control field 191128s1994 sp ao gr 000 0 spa d
020 ## - INTERNATIONAL STANDARD BOOK NUMBER
International Standard Book Number 9580427739
040 ## - CATALOGING SOURCE
Original cataloging agency CO-JMCR
Transcribing agency CO-JMCR
041 0# - LANGUAGE CODE
Language code of text/sound track or separate title spa
082 04 - DEWEY DECIMAL CLASSIFICATION NUMBER
Classification number 649.1 /
Item number B827s
Edition number 23
100 1# - MAIN ENTRY--PERSONAL NAME
Personal name Brazelton, T. Berry,
Relator term autor
9 (RLIN) 11287
245 10 - TITLE STATEMENT
Title Su hijo :
Remainder of title momentos claves en su desarrollo desde el período prenatal hasta los seis años /
Statement of responsibility, etc. T. Berry Brazelton
260 ## - PUBLICATION, DISTRIBUTION, ETC.
Place of publication, distribution, etc. Barcelona ; Bogotá :
Name of publisher, distributor, etc. Norma,
Date of publication, distribution, etc. 1994.
300 ## - PHYSICAL DESCRIPTION
Extent 542 páginas :
Other physical details fotografías en blanco y negro ;
Dimensions 23 cm.
500 ## - GENERAL NOTE
General note Incluye tabla de contenido
505 0# - FORMATTED CONTENTS NOTE
Formatted contents note Introducción -- momentos claves del desarrollo -- el embarazo: primer momento clave -- el recién nacido como individuo -- los recién nacidos padres -- tres semanas -- seis a ocho semanas -- cuatro meses -- siete meses -- siete meses -- nueve meses
650 24 - SUBJECT ADDED ENTRY--TOPICAL TERM
Topical term or geographic name entry element Desarrollo infantil
9 (RLIN) 162
650 24 - SUBJECT ADDED ENTRY--TOPICAL TERM
Topical term or geographic name entry element Niños
9 (RLIN) 11288
650 24 - SUBJECT ADDED ENTRY--TOPICAL TERM
Topical term or geographic name entry element Crecimiento
9 (RLIN) 6119
942 ## - ADDED ENTRY ELEMENTS (KOHA)
Source of classification or shelving scheme Dewey Decimal Classification
Koha item type Books
Existencias
Withdrawn status Lost status Source of classification or shelving scheme Materials specified (bound volume or other part) Damaged status Not for loan Home library Current library Shelving location Date acquired Source of acquisition Full call number Barcode Date last seen Copy number Price effective from Koha item type
    Dewey Decimal Classification Donación -- 18/07/2018 --     Biblioteca Pública José María del Castillo y Rada Biblioteca Pública José María del Castillo y Rada General Stacks 11/28/2019 Donación 649.1 / B827s 201807267 11/28/2019 Ej.1 11/28/2019 Books